Statistiques concernant Histoire commençant par la lettre Z

Cliquez ici pour prendre le quiz!

Statistiques générales

  • Ce quiz a été pris 23 867 fois
    (19 006 depuis la dernière actualisation)
  • Le résultat moyen est 12 sur 20

Statistiques - réponses

IndiceRéponse% Correct
Dieu suprême de la mythologie grecqueZeus
93%
Personnage de fiction, justicier masqué créé en 1919 par Johnston McCulleyZorro
91%
Sa lettre ouverte accusatrice dans L'Aurore publié en 1898 marque un tournant dans l'Affaire DreyfusÉmile Zola
88%
Ce pays s'appelait la Rhodésie du Sud jusqu'en 1980Zimbabwe
86%
De même, celui-ci porta le nom de Rhodésie du Nord jusqu'en 1964Zambie
84%
Prénom d'origine germanique, dérivé de Griselda signifiant "guerrière grise" en germanique et ayant inspiré un célèbre jeu vidéo à NintendoZelda
81%
Elle est l'ancêtre de celle-ci, mais 6ème de l'alphabet grecZêta
77%
Nombre ignoré des Romains mais qui serait apparu dans le monde indien dès le IIIème siècleZéro
76%
Ville suisse qui accueillit de nombreux réfugiés politiques au cours des XIXème et XXème siècles, dont Trotski et LénineZurich
75%
Nom porté par la République Démocratique du Congo jusqu'en 1997Zaire
66%
On estime qu'il est responsable de plus de 45 millions de morts en Chine entre 1943 et 1976Mao Zedong
64%
Type d'aérostats dirigeables de fabrication allemande ayant connu leur âge d'or entre 1920 et 1935 dont le LZ 129 Hindenburg est un représentant tristement célèbreZeppelin
57%
Conte philosphiqe de Voltaire, paru en 1747{Zadig} ou la Destinée
49%
Peuple bantou d'Afrique du Sud qui formait un puissant royaume sous le conquérant Chaka au début du XIXème siècleZoulou
48%
Pays archipel ayant fusionné avec le Tanganyika pour former la Tanzanie en 1964Zanzibar
47%
Prophète intiateur d'une religion monothéiste de l'Iran ancien qui porte son nom, il a inspiré "Ainsi parlait ..." à Nietzsche et StraussZoroastre
42%
Unité monétaire polonaise traditionnelle qui remonte au Moyen ÂgeZłoty
34%
Édifice religieux mésopotamien constitué de plusieurs terrassesZiggurat
14%
Groupe rebelle révolutionnaire du Chiapas agissant au Mexique depuis 1994Zapatiste
11%
Civilisation amérindienne précolombienne de l'actuel Mexique ayant laissé des vestiges archéologiques dans la ville antique de Monte AlbánZapotèque
7%

Distribution des résultats

Percentile par nombre de réponses

% des personnes avec chaque résultat

Votre développement - résultats

Vous n’avez pas pris ce quiz depuis la dernière actualisation